00000000nas 2200000zi 4500
0019.954328
003CaOODSP
00520250820132422
006m     o  d f      
007cr |||||||||||
008250820c20249999bcc x m o    f0###b0fre|d
022 |a2819-439X
040 |aCaOODSP|bfre|erda|cCaOODSP
043 |an-cn---
0861 |aFs44-1F-PDF
222 0|aPlan de rétablissement
24500|aPlan de rétablissement.
264 1|aVancouver, BC : |bGestion des pêches, Pêches et océans Canada, |c[2024]-
336 |atexte|btxt|2rdacontent/fre
337 |ainformatique|bc|2rdamedia/fre
338 |aressource en ligne|bcr|2rdacarrier/fre
500 |aPublié aussi en anglais sous le titre : Rebuilding plan.
650 6|aFaune|xRétablissement|zCanada.
650 6|aPêches|xGestion|zCanada.
7101 |aCanada. |bMinistère des pêches et des océans, |eorganisme de publication.
77508|tRebuilding plan.|w(CaOODSP)9.954324